[Event "24th Rubinstein Memorial"]
[Site "Polanica Zdroj POL"]
[Date "1986.08.??"]
[Round "11"]
[White "Jasnikowski, Zbigniew"]
[Black "Lukacs, Peter"]
[Result "1/2-1/2"]
[WhiteElo "2410"]
[BlackElo "2435"]
[EventDate "1986.08.04"]
[PlyCount "102"]

1.d4 Nf6 2.c4 e6 3.Nf3 d5 4.Nc3 c6 5.Bg5 dxc4 6.e4 b5 7.e5 h6 8.Bh4 g5 9.
Nxg5 hxg5 10.Bxg5 Nbd7 11.exf6 Bb7 12.g3 c5 13.d5 Qb6 14.Bg2 b4 15.Na4 Qd6
16.Bf4 e5 17.Be3 Rc8 18.O-O Nxf6 19.Re1 Bxd5 20.Bf4 Rh5 21.Qe2 Bxg2 22.
Bxe5 Bf3 23.Bxd6+ Bxe2 24.Rxe2+ Kd7 25.Bxf8 Rxf8 26.Rc1 Kc6 27.Rxc4 Nd7 
28.Rec2 Kb5 29.b3 Rd5 30.Kg2 Re8 31.h4 f5 32.f3 Re3 33.Kf2 Re6 34.h5 Rc6 
35.Ke3 Nf6 36.g4 fxg4 37.fxg4 Nd7 38.Kf4 Rf6+ 39.Kg3 Rd3+ 40.Kh4 Rff3 41.
Rxc5+ Nxc5 42.Rxc5+ Ka6 43.Rc6+ Kb5 44.Rc5+ Ka6 45.Re5 Rd2 46.h6 Rh2+ 47.
Kg5 Rfh3 48.Re6+ Kb5 49.Re5+ Ka6 50.Re6+ Kb5 51.Re5+ Ka6 1/2-1/2

[Event "24th Rubinstein Memorial"]
[Site "Polanica Zdroj POL"]
[Date "1986.08.??"]
[Round "12"]
[White "Tischbierek, Raj"]
[Black "Jasnikowski, Zbigniew"]
[Result "1-0"]
[WhiteElo "2425"]
[BlackElo "2410"]
[EventDate "1986.08.04"]
[PlyCount "47"]

1.e4 c5 2.Nf3 e6 3.d4 cxd4 4.Nxd4 Nc6 5.Nc3 d6 6.g3 Nf6 7.Bg2 Bd7 8.O-O 
Be7 9.Nb3 a6 10.g4 h6 11.f4 b5 12.Qf3 Rc8 13.Be3 g5 14.e5 Nxg4 15.Qxg4 
dxe5 16.fxe5 Nxe5 17.Qh5 O-O 18.Bd4 Nc6 19.Qxh6 Nxd4 20.Nxd4 Rc4 21.Nce2 
Qb6 22.Be4 f5 23.Qg6+ Kh8 24.Rxf5 1-0

[Event "24th Rubinstein Memorial"]
[Site "Polanica Zdroj POL"]
[Date "1986.08.??"]
[Round "12"]
[White "Hawelko, Marek"]
[Black "Kuczynski, Robert"]
[Result "1/2-1/2"]
[WhiteElo "2480"]
[BlackElo "2435"]
[EventDate "1986.08.04"]
[PlyCount "52"]

1.e4 e5 2.Nf3 Nf6 3.Nxe5 d6 4.Nf3 Nxe4 5.d4 d5 6.Bd3 Nc6 7.O-O Bg4 8.c4 
Nf6 9.cxd5 Bxf3 10.Qxf3 Qxd5 11.Qe2+ Be7 12.Bb5 Qd6 13.Nc3 O-O 14.Bxc6 
bxc6 15.Be3 Rfe8 16.Rac1 Qe6 17.Bg5 Qf5 18.Qe5 Qd7 19.Qg3 Qxd4 20.Qxc7 Nd5
21.Qg3 Bxg5 22.Qxg5 Nxc3 23.Rxc3 Re2 24.Qc1 Rae8 25.Rxc6 Qxb2 26.Qxb2 Rxb2
1/2-1/2

[Event "24th Rubinstein Memorial"]
[Site "Polanica Zdroj POL"]
[Date "1986.08.??"]
[Round "12"]
[White "Murshed, Niaz"]
[Black "Lau, Ralf"]
[Result "0-1"]
[WhiteElo "2415"]
[BlackElo "2455"]
[EventDate "1986.08.04"]
[PlyCount "73"]

1.d4 Nf6 2.c4 e6 3.Nc3 Bb4 4.f3 c5 5.d5 Bxc3+ 6.bxc3 Nh5 7.g3 f5 8.e4 Qf6 
9.f4 Nxg3 10.hxg3 Qxc3+ 11.Bd2 Qxg3+ 12.Ke2 fxe4 13.Be3 O-O 14.Kd2 exd5 
15.cxd5 d6 16.Qh5 Bf5 17.Ne2 Qg6 18.Qxg6 hxg6 19.Ng3 Nd7 20.Nxf5 gxf5 21.
Be2 g6 22.Rag1 Kg7 23.Rg5 Rf6 24.Ke1 Rh8 25.Rxh8 Kxh8 26.Bb5 Nb6 27.Bc1 
Nxd5 28.Bb2 Kg7 29.Rg1 Nxf4 30.Rh1 a6 31.Bxf6+ Kxf6 32.Be2 d5 33.Rh7 d4 
34.Rxb7 d3 35.Rb6+ Ke5 36.Rxa6 dxe2 37.Ra8 0-1

[Event "24th Rubinstein Memorial"]
[Site "Polanica Zdroj POL"]
[Date "1986.08.??"]
[Round "12"]
[White "Lerner, Konstantin"]
[Black "Gaprindashvili, Nona"]
[Result "1/2-1/2"]
[WhiteElo "2550"]
[BlackElo "2350"]
[EventDate "1986.08.04"]
[PlyCount "165"]

1.d4 d5 2.c4 e6 3.Nf3 Nf6 4.Nc3 Be7 5.Bg5 Nbd7 6.e3 h6 7.Bh4 O-O 8.Rc1 c6 
9.Bd3 dxc4 10.Bxc4 b5 11.Bd3 Bb7 12.a3 a6 13.b4 a5 14.Rb1 axb4 15.axb4 Ra3
16.Qc1 Bxb4 17.Rxb4 Qa5 18.Qb2 Rxc3 19.Qxc3 Nd5 20.Qd2 Qxb4 21.O-O Ra8 22.
Qc2 Ra3 23.Rd1 Qc3 24.Qxc3 Rxc3 25.Bg3 b4 26.Bd6 c5 27.dxc5 Nxc5 28.Bb1 b3
29.Be5 Rc2 30.Bxc2 bxc2 31.Rc1 Nb4 32.Ne1 Ncd3 33.Nxd3 Nxd3 34.Rxc2 Nxe5 
35.f3 f5 36.Rc3 Ng6 37.Kf2 Bd5 38.Rc7 Ne5 39.h4 h5 40.Kg3 Ng6 41.Rd7 Kf8 
42.Rc7 Kg8 43.Ra7 e5 44.Kf2 e4 45.Ra5 Ne7 46.f4 Kf7 47.Ke2 Bc4+ 48.Kd2 Bf1
49.g3 Ke6 50.Ra7 Kd6 51.Rb7 Bc4 52.Kc3 Be6 53.Rb8 Bc8 54.Ra8 g6 55.Kd4 
Nc6+ 56.Kc4 Be6+ 57.Kb5 Bd7 58.Kc4 Be6+ 59.Kb5 Ne7 60.Ra6+ Kd5 61.Ra1 Bd7+
62.Kb4 Nc6+ 63.Kc3 Kc5 64.Ra8 Ne7 65.Kd2 Bb5 66.Rf8 Kb4 67.Rf6 Nc6 68.Rxg6
Na5 69.Ke1 Nc4 70.Kf2 Nb2 71.g4 fxg4 72.Re6 Nd1+ 73.Ke1 Nxe3 74.Rxe4+ Nc4 
75.f5 Kc3 76.f6 Nd6 77.Re5 Bc4 78.Rxh5 Kd4 79.Rg5 Be6 80.h5 Nf7 81.Rg6 Ke5
82.Kf2 Bf5 83.Kg3 1/2-1/2

[Event "24th Rubinstein Memorial"]
[Site "Polanica Zdroj POL"]
[Date "1986.08.??"]
[Round "12"]
[White "Pekarek, Ales"]
[Black "Dejkalo, Stefan"]
[Result "1-0"]
[WhiteElo "2445"]
[BlackElo "2450"]
[EventDate "1986.08.04"]
[PlyCount "163"]

1.Nf3 d5 2.d4 Nf6 3.c4 e6 4.Nc3 Bb4 5.Bg5 c5 6.cxd5 Qxd5 7.Bxf6 gxf6 8.Qd2
Nc6 9.Nxd5 exd5 10.dxc5 Bxd2+ 11.Kxd2 d4 12.e3 dxe3+ 13.fxe3 Bg4 14.Bb5 
O-O-O+ 15.Ke2 Rd5 16.Bxc6 bxc6 17.b4 Re8 18.Rac1 a5 19.a3 axb4 20.axb4 Rd4
21.Rb1 Rde4 22.Kf2 Rxe3 23.Rhe1 Rxe1 24.Rxe1 Rxe1 25.Kxe1 Be6 26.Nd4 Bd5 
27.g3 Kd7 28.Kd2 Kc7 29.Ke3 Kd7 30.Kf4 Be6 31.h4 Kc7 32.Ne2 Kd7 33.Ke4 Ke7
34.Kd4 Kd7 35.Nc3 Bh3 36.b5 cxb5 37.Nxb5 Bg2 38.Nc3 Bc6 39.Ne2 Ke6 40.Kc4 
Kd7 41.Nd4 Bg2 42.Kd3 Bd5 43.Ke3 Be6 44.h5 Bg4 45.h6 Ke7 46.Kf4 Be6 47.Ke4
Bc4 48.Nf5+ Ke6 49.Ng7+ Ke7 50.Kd4 Be6 51.Nh5 Bg4 52.Nf4 Bf3 53.Kc4 Kd7 
54.Kd3 Ke7 55.Ke3 Bb7 56.Nh5 Ke6 57.Kf4 Bc6 58.Ng7+ Ke7 59.Nf5+ Kd7 60.Nd4
Bd5 61.Kf5 Ke7 62.Ne2 Bc6 63.Nc3 Bd7+ 64.Kf4 Ke6 65.Ne4 Bc6 66.Nd6 Bd5 67.
Nb5 Bg2 68.Na7 Bh3 69.g4 Bf1 70.c6 Kd6 71.Kf5 Be2 72.Nc8+ Kxc6 73.Ne7+ Kd7
74.Nd5 Kd6 75.Nc3 Bf3 76.Kxf6 Bxg4 77.Ne4+ Kd5 78.Ng5 Bh5 79.Nxh7 Bg6 80.
Ng5 Kc5 81.Nxf7 Bd3 82.Ne5 1-0

[Event "24th Rubinstein Memorial"]
[Site "Polanica Zdroj POL"]
[Date "1986.08.??"]
[Round "12"]
[White "Farago, Ivan"]
[Black "Mokry, Karel"]
[Result "1-0"]
[WhiteElo "2520"]
[BlackElo "2520"]
[EventDate "1986.08.04"]
[PlyCount "95"]

1.d4 d5 2.c4 c6 3.Nc3 Nf6 4.e3 Bg4 5.f3 Bc8 6.cxd5 cxd5 7.e4 dxe4 8.fxe4 
e5 9.Bb5+ Nfd7 10.dxe5 Bb4 11.Nf3 O-O 12.Bd2 Nc6 13.a3 Ba5 14.b4 Bc7 15.
Bg5 Qe8 16.O-O Ndxe5 17.Nd5 Nxf3+ 18.Qxf3 Be5 19.Rac1 f6 20.Rxc6 bxc6 21.
Bxc6 Bd7 22.Bxa8 Qxa8 23.Bf4 Qe8 24.h3 Bc6 25.Rc1 Bb7 26.Kh1 Kh8 27.Qg3 
Bb2 28.Rc7 Rf7 29.Rxf7 Qxf7 30.Qf2 Bxa3 31.Qxa7 Bxd5 32.Qb8+ Qg8 33.exd5 
g5 34.Qxg8+ Kxg8 35.Bc7 Bxb4 36.d6 Kf7 37.d7 Be7 38.Kg1 f5 39.Kf2 Kg6 40.
d8=Q Bxd8 41.Bxd8 f4 42.Ke2 Kf5 43.Kd3 h5 44.Be7 g4 45.h4 Ke5 46.Bg5 Kf5 
47.Bd8 Ke5 48.g3 1-0

[Event "24th Rubinstein Memorial"]
[Site "Polanica Zdroj POL"]
[Date "1986.08.??"]
[Round "13"]
[White "Dejkalo, Stefan"]
[Black "Farago, Ivan"]
[Result "0-1"]
[WhiteElo "2450"]
[BlackElo "2520"]
[EventDate "1986.08.04"]
[PlyCount "78"]

1.d4 Nf6 2.c4 e6 3.Nc3 Bb4 4.Bd2 d5 5.Qb3 Nc6 6.e3 O-O 7.Nf3 dxc4 8.Bxc4 
Bd6 9.Qc2 e5 10.dxe5 Nxe5 11.Nxe5 Bxe5 12.O-O-O Qe7 13.Bd3 c6 14.h3 Be6 
15.Kb1 Rad8 16.g4 Kh8 17.e4 Qd6 18.Be3 Qb4 19.f4 Rxd3 20.Qxd3 Bxc3 21.Qxc3
Qxe4+ 22.Ka1 Nd5 23.Qc5 Rg8 24.Bd2 Nxf4 25.Bxf4 Qxf4 26.Qxa7 b5 27.Qd4 Qc7
28.b3 Bd5 29.Rhe1 h6 30.Kb2 Qh2+ 31.Rd2 Qxh3 32.g5 Ra8 33.Ree2 h5 34.Rh2 
Qf3 35.Rd3 Qf1 36.Rxh5+ Kg8 37.Rh2 Re8 38.Rdd2 Qf5 39.Qh4 Qe5+ 0-1

[Event "24th Rubinstein Memorial"]
[Site "Polanica Zdroj POL"]
[Date "1986.08.??"]
[Round "13"]
[White "Gaprindashvili, Nona"]
[Black "Pekarek, Ales"]
[Result "1/2-1/2"]
[WhiteElo "2350"]
[BlackElo "2445"]
[EventDate "1986.08.04"]
[PlyCount "32"]

1.d4 e6 2.c4 Bb4+ 3.Nc3 b6 4.e4 Qh4 5.Bd3 Bb7 6.Nf3 Qg4 7.O-O Bxc3 8.h3 
Qh5 9.bxc3 Ne7 10.d5 O-O 11.Be2 f5 12.Nd4 Qf7 13.exf5 exd5 14.Bf3 Nbc6 15.
Ba3 Nxd4 16.cxd4 d6 1/2-1/2

[Event "24th Rubinstein Memorial"]
[Site "Polanica Zdroj POL"]
[Date "1986.08.??"]
[Round "13"]
[White "Lau, Ralf"]
[Black "Lerner, Konstantin"]
[Result "1/2-1/2"]
[WhiteElo "2455"]
[BlackElo "2550"]
[EventDate "1986.08.04"]
[PlyCount "27"]

1.d4 Nf6 2.Nf3 e6 3.c4 b6 4.g3 Ba6 5.Nbd2 Bb4 6.Qc2 Bb7 7.Bg2 c5 8.dxc5 
Bxc5 9.O-O Be7 10.b3 d6 11.Bb2 Nbd7 12.Rad1 Qc7 13.Qb1 a6 14.Rfe1 1/2-1/2

[Event "24th Rubinstein Memorial"]
[Site "Polanica Zdroj POL"]
[Date "1986.08.??"]
[Round "13"]
[White "Kuczynski, Robert"]
[Black "Murshed, Niaz"]
[Result "1-0"]
[WhiteElo "2435"]
[BlackElo "2415"]
[EventDate "1986.08.04"]
[PlyCount "61"]

1.e4 c5 2.Nf3 e6 3.d4 cxd4 4.Nxd4 Nc6 5.Nc3 a6 6.Be2 Qc7 7.f4 b5 8.Nxc6 
Qxc6 9.Bf3 Bb7 10.e5 Qc7 11.Ne4 Rc8 12.c3 f5 13.exf6 Nxf6 14.Nxf6+ gxf6 
15.O-O Bc5+ 16.Kh1 Ke7 17.Qe1 h5 18.a4 Rcg8 19.axb5 axb5 20.Be3 Bxf3 21.
Rxf3 Bxe3 22.Qxe3 Qc6 23.Rd1 Rg7 24.Qe2 Ra8 25.Rfd3 Ra7 26.Qf2 Rc7 27.R1d2
Qa6 28.h3 Qc6 29.Rd4 Rh7 30.Qg3 Qc5 31.Qd3 1-0

[Event "24th Rubinstein Memorial"]
[Site "Polanica Zdroj POL"]
[Date "1986.08.??"]
[Round "13"]
[White "Jasnikowski, Zbigniew"]
[Black "Hawelko, Marek"]
[Result "1/2-1/2"]
[WhiteElo "2410"]
[BlackElo "2480"]
[EventDate "1986.08.04"]
[PlyCount "29"]

1.d4 d5 2.c4 e6 3.Nc3 Nf6 4.Nf3 Be7 5.Bg5 h6 6.Bh4 O-O 7.e3 b6 8.Qb3 Bb7 
9.Bxf6 Bxf6 10.cxd5 exd5 11.Rd1 Re8 12.a3 Re7 13.Bd3 c5 14.dxc5 bxc5 15.
O-O 1/2-1/2

[Event "24th Rubinstein Memorial"]
[Site "Polanica Zdroj POL"]
[Date "1986.08.??"]
[Round "13"]
[White "Lukacs, Peter"]
[Black "Tischbierek, Raj"]
[Result "1-0"]
[WhiteElo "2435"]
[BlackElo "2425"]
[EventDate "1986.08.04"]
[PlyCount "65"]

1.d4 d5 2.c4 c6 3.Nc3 Nf6 4.e3 e6 5.Nf3 Nbd7 6.Bd3 Bb4 7.a3 Ba5 8.O-O O-O 
9.Qc2 dxc4 10.Bxc4 Bc7 11.Bd2 e5 12.Ba2 h6 13.h3 Re8 14.Nh4 Nf8 15.dxe5 
Rxe5 16.f4 Rh5 17.Nf3 Bf5 18.e4 Bb6+ 19.Kh1 Be6 20.f5 Bxa2 21.Rxa2 Ng4 22.
Ne2 Nf2+ 23.Kh2 Ng4+ 24.Kh1 Nf2+ 25.Kh2 Ng4+ 26.Kg3 Ne3 27.Bxe3 Bxe3 28.
Kh2 Qc7+ 29.g3 Nh7 30.Kg2 Ng5 31.h4 Nxf3 32.Rxf3 Qb6 33.Qc3 1-0